[Event "BL2-West 0910"]
[Site "Germany"]
[Date "2009.10.18"]
[Round "1.4"]
[White "Timman, Jan H"]
[Black "Wegener, Olaf"]
[Result "1-0"]
[WhiteElo "2588"]
[BlackElo "2405"]
[PlyCount "117"]
[EventDate "2009.10.18"]
[EventType "team-tourn"]
[EventRounds "9"]
[EventCountry "GER"]
[SourceTitle "EXT 2011"]
[Source "ChessBase"]
[SourceDate "2010.11.26"]
[SourceVersion "1"]
[SourceVersionDate "2010.11.26"]
[SourceQuality "1"]
[WhiteTeam "Koeln Porz"]
[BlackTeam "Dortmund Hansa"]
[WhiteTeamCountry "GER"]
[BlackTeamCountry "GER"]

1. d4 Nf6 2. c4 e6 3. Nf3 b6 4. g3 Ba6 5. Qc2 Bb7 6. Bg2 c5 7. d5 exd5 8. cxd5
Nxd5 9. O-O Be7 10. Rd1 Qc8 11. Bg5 Bxg5 12. Nxg5 Nf6 13. Bxb7 Qxb7 14. Nc3 d5
15. Nxd5 Nbd7 16. Qf5 Kf8 17. Qf4 Qc6 18. Nxf6 Nxf6 19. Rd6 Qe8 20. e4 h6 21.
Nf3 Rd8 22. Rad1 Rxd6 23. Qxd6+ Kg8 24. e5 Ne4 25. Qd7 Qxd7 26. Rxd7 Ng5 27.
Nd2 Kh7 28. h4 Ne6 29. Rxa7 Kg6 30. Nc4 Rd8 31. Nxb6 h5 32. Rd7 Rb8 33. Nc4 Rb4
34. b3 Rb8 35. Kg2 Ra8 36. a3 Rb8 37. Rd3 Nd4 38. b4 Ne6 39. bxc5 Nxc5 40. Rd5
Ne6 41. Ra5 Rc8 42. Nd6 Rc6 43. Rd5 Rc2 44. a4 Nc7 45. Rd4 Ne6 46. Rb4 Nc5 47.
Rf4 Nd3 48. Rxf7 Nxe5 49. Rf5 Nd3 50. Rg5+ Kh6 51. Nf5+ Kh7 52. Rxg7+ Kh8 53.
Rg5 Rxf2+ 54. Kh3 Ra2 55. Rxh5+ Kg8 56. a5 Ra4 57. Ne3 Nc1 58. Rb5 Ne2 59. Nf5
1-0

[Event "BL2-West 1011"]
[Site "Germany"]
[Date "2011.01.16"]
[Round "5.2"]
[White "Timman, Jan H"]
[Black "Ginsburg, Gennadij"]
[Result "1-0"]
[WhiteElo "2578"]
[BlackElo "2526"]
[PlyCount "79"]
[EventDate "2010.10.10"]
[EventType "team-tourn"]
[EventRounds "9"]
[EventCountry "GER"]
[SourceTitle "EXT 2012"]
[Source "ChessBase"]
[SourceDate "2011.11.24"]
[SourceVersion "1"]
[SourceVersionDate "2011.11.24"]
[SourceQuality "1"]
[WhiteTeam "Porz"]
[BlackTeam "Hofheim"]
[WhiteTeamCountry "GER"]
[BlackTeamCountry "GER"]

1. d4 Nf6 2. c4 e6 3. Nf3 d5 4. Nc3 Be7 5. cxd5 exd5 6. Bg5 c6 7. Qc2 Na6 8. a3
Nc7 9. e3 Ne6 10. Bh4 g6 11. Bd3 Ng7 12. O-O O-O 13. b4 a6 14. Na4 Nf5 15. Bg5
Ne4 16. Bxe7 Qxe7 17. Bxe4 dxe4 18. Nd2 Re8 19. Nb6 Rb8 20. Qc5 Qg5 21. Rae1 h6
22. f3 exf3 23. Nxf3 Qe7 24. e4 Qxc5 25. bxc5 Ng7 26. Ne5 Re7 27. Nec4 Ne6 28.
Nd6 Bd7 29. Nf5 gxf5 30. exf5 Rd8 31. d5 Bc8 32. Nxc8 Rxc8 33. d6 Rd7 34. fxe6
fxe6 35. Rxe6 Rg7 36. Rfe1 Rf8 37. Re8 h5 38. a4 a5 39. h4 Rgf7 40. Rxf8+ 1-0

[Event "BL2-West 1112"]
[Site "Germany"]
[Date "2011.10.02"]
[Round "1.2"]
[White "Timman, Jan H"]
[Black "Mertens, Heiko"]
[Result "1-0"]
[WhiteElo "2555"]
[BlackElo "2354"]
[PlyCount "153"]
[EventDate "2011.10.02"]
[EventType "team-tourn"]
[EventRounds "9"]
[EventCountry "GER"]
[SourceTitle "EXT 2015"]
[Source "ChessBase"]
[SourceDate "2014.11.20"]
[SourceVersion "1"]
[SourceVersionDate "2014.11.20"]
[SourceQuality "1"]
[WhiteTeam "Koeln Porz"]
[BlackTeam "Godesberg"]
[WhiteTeamCountry "GER"]
[BlackTeamCountry "GER"]

1. c4 c5 2. Nf3 Nf6 3. Nc3 g6 4. d4 cxd4 5. Nxd4 Bg7 6. e4 d6 7. Be2 O-O 8. O-O
Nc6 9. Be3 Nxd4 10. Bxd4 Bd7 11. Qd3 a5 12. Rad1 Bc6 13. f4 Nd7 14. Bxg7 Kxg7
15. Kh1 Kg8 16. Rd2 a4 17. Bf3 Qa5 18. Rfd1 Rfd8 19. Qe3 Rac8 20. e5 Bxf3 21.
Qxf3 Rxc4 22. Qe2 Nb6 23. exd6 exd6 24. Ne4 Rc7 25. Nf6+ Kg7 26. Ng4 Qf5 27.
Qf3 Qe6 28. h3 h5 29. Ne3 Nc4 30. Nxc4 Qxc4 31. a3 Qe6 32. Rd4 b5 33. Rd5 Qf6
34. Rxb5 Rc2 35. Qe4 Rxb2 36. Rxb2 Qxb2 37. Qxa4 Qf2 38. Qe4 Qb6 39. a4 Qb8 40.
Qd4+ Kh7 41. f5 Qc7 42. Qf6 Re8 43. fxg6+ fxg6 44. Rxd6 Re1+ 45. Kh2 Qg7 46.
Qf4 Qe7 47. Qg3 Re6 48. Rxe6 Qxe6 49. Qc7+ Kh6 50. a5 h4 51. Qc1+ Kh7 52. Qa1
Qd6+ 53. Kg1 Qa6 54. Qe5 Qc4 55. Qe7+ Kh6 56. Qd6 Qc1+ 57. Kh2 Qa1 58. a6 Qa5
59. Qf4+ Kg7 60. Qd4+ Kg8 61. Qd6 Kf7 62. Qd7+ Kf6 63. Qd4+ Kf7 64. a7 Qc7+ 65.
Kg1 Qc1+ 66. Kf2 Qc2+ 67. Kf3 Qc6+ 68. Kf4 Qc7+ 69. Kg5 Qe7+ 70. Kg4 Qe2+ 71.
Kxh4 Qxg2 72. Qd7+ Kf6 73. Qd8+ Kg7 74. a8=Q Qf2+ 75. Kg4 Qg1+ 76. Kf3 Qf1+ 77.
Ke4 1-0

[Event "Helmond Legibus op"]
[Site "Helmond"]
[Date "2012.06.30"]
[Round "3"]
[White "Jonkman, Harmen"]
[Black "Timman, Jan H"]
[Result "0-1"]
[WhiteElo "2417"]
[BlackElo "2575"]
[PlyCount "58"]
[EventDate "2012.06.30"]
[EventType "swiss (rapid)"]
[EventRounds "9"]
[EventCountry "NED"]
[SourceTitle "CBM 149 Extra"]
[Source "ChessBase"]
[SourceDate "2012.08.24"]
[SourceVersion "1"]
[SourceVersionDate "2012.08.24"]
[SourceQuality "1"]

1. e4 c5 2. c3 e6 3. d4 d5 4. exd5 exd5 5. Nf3 Nc6 6. Bb5 Bd6 7. dxc5 Bxc5 8.
O-O Nge7 9. Nbd2 O-O 10. Nb3 Bb6 11. Bf4 Bg4 12. h3 Bh5 13. Qd3 a6 14. Bxc6
bxc6 15. Rac1 Re8 16. Rfe1 a5 17. Nbd2 Bg6 18. Qf1 f6 19. c4 dxc4 20. Qxc4+ Bf7
21. Qa4 Nd5 22. a3 Rxe1+ 23. Rxe1 Nxf4 24. Qxf4 a4 25. Ne4 Bc7 26. Qg4 h5 27.
Qf5 Ra5 28. Nc5 Bb6 29. Rc1 Bxc5 0-1

[Event "Trans Europa Schach Express"]
[Site "Potsdam"]
[Date "2012.10.14"]
[Round "7.3"]
[White "Timman, Jan H"]
[Black "Kurmann, Oliver"]
[Result "1-0"]
[WhiteElo "2578"]
[BlackElo "2450"]
[PlyCount "63"]
[EventDate "2012.10.13"]
[EventType "team-tourn"]
[EventRounds "9"]
[EventCountry "GER"]
[SourceTitle "CBM 150 Extra"]
[Source "ChessBase"]
[SourceDate "2012.10.19"]
[SourceVersion "1"]
[SourceVersionDate "2012.10.19"]
[SourceQuality "1"]
[WhiteTeam "Netherlands"]
[BlackTeam "Switzerland"]
[WhiteTeamCountry "NED"]
[BlackTeamCountry "SUI"]

1. d4 Nf6 2. c4 e6 3. Nf3 c5 4. d5 exd5 5. cxd5 g6 6. Nc3 d6 7. Bf4 a6 8. Nd2
b5 9. a4 Nh5 10. axb5 Nxf4 11. bxa6 Nh5 12. e3 Be7 13. Bb5+ Bd7 14. a7 Bxb5 15.
Nxb5 Nd7 16. O-O Nb6 17. Ne4 O-O 18. Ra6 f5 19. Nxc5 dxc5 20. d6 Bxd6 21. Nxd6
Kg7 22. b4 cxb4 23. Qd4+ Nf6 24. Rxb6 Rxa7 25. h3 Rd7 26. Rd1 Qe7 27. Qxb4 Qe5
28. Rb7 Rfd8 29. Rxd7+ Rxd7 30. Qb8 Qe7 31. Rd4 Rd8 32. Nxf5+ 1-0

[Event "BL2-West 1213"]
[Site "Germany"]
[Date "2013.04.14"]
[Round "9.1"]
[White "Kroeze, Frank"]
[Black "Timman, Jan H"]
[Result "0-1"]
[WhiteElo "2408"]
[BlackElo "2578"]
[PlyCount "64"]
[EventDate "2012.10.14"]
[EventType "team-tourn"]
[EventRounds "9"]
[EventCountry "GER"]
[SourceTitle "CBM 154 Extra"]
[Source "ChessBase"]
[SourceDate "2013.06.25"]
[SourceVersion "2"]
[SourceVersionDate "2013.06.25"]
[SourceQuality "1"]
[WhiteTeam "Nordhorn Blanke"]
[BlackTeam "Porz"]
[WhiteTeamCountry "GER"]
[BlackTeamCountry "GER"]

1. d4 Nf6 2. c4 e6 3. Nc3 Bb4 4. Qc2 d6 5. e3 O-O 6. Bd3 c5 7. Nge2 Nbd7 8. O-O
a6 9. a3 Ba5 10. b3 Bc7 11. Bb2 cxd4 12. exd4 d5 13. cxd5 exd5 14. Bc1 Re8 15.
Bf4 Nf8 16. Bxc7 Qxc7 17. Rac1 Qd6 18. b4 Bd7 19. Qd2 Ng6 20. Qg5 a5 21. Bxg6
hxg6 22. Nf4 axb4 23. axb4 Bf5 24. Qg3 Red8 25. b5 Ra3 26. Rfe1 Qb4 27. Re3 Rc8
28. Nfe2 Qb2 29. Re1 Nh5 30. Qf3 Ra1 31. Ng3 Nxg3 32. Qxg3 Qxc3 0-1

[Event "BL2-West 1314"]
[Site "Germany"]
[Date "2014.02.23"]
[Round "7.2"]
[White "Fridman, Rafael"]
[Black "Timman, Jan H"]
[Result "0-1"]
[WhiteElo "2507"]
[BlackElo "2595"]
[PlyCount "74"]
[EventDate "2013.10.13"]
[EventType "team-tourn"]
[EventRounds "9"]
[EventCountry "GER"]
[SourceTitle "EXT 2015"]
[Source "ChessBase"]
[SourceDate "2014.11.20"]
[SourceVersion "1"]
[SourceVersionDate "2014.11.20"]
[SourceQuality "1"]
[WhiteTeam "Bochum 31"]
[BlackTeam "Koeln Porz"]
[WhiteTeamCountry "GER"]
[BlackTeamCountry "GER"]

1. e4 c5 2. Nf3 e6 3. d3 Nc6 4. g3 g6 5. Bg2 Bg7 6. O-O Nge7 7. c3 e5 8. a3 d6
9. b4 O-O 10. Bb2 a6 11. Nbd2 h6 12. Rb1 Be6 13. Re1 b5 14. d4 exd4 15. cxd4
cxd4 16. Nb3 Bxb3 17. Qxb3 Qb6 18. Red1 Rad8 19. Ne1 Kh7 20. Rbc1 a5 21. Nd3 a4
22. Qa2 Ne5 23. Nf4 Nc4 24. Ba1 Be5 25. Bf1 Bxf4 26. gxf4 d5 27. Bxd4 Qe6 28.
Bc5 Rfe8 29. Bxe7 Rxe7 30. Bg2 Qg4 31. Qa1 Qxf4 32. Qd4 Rd6 33. Qc5 dxe4 34.
Qxb5 e3 35. fxe3 Rxd1+ 36. Rxd1 Nxe3 37. Re1 Ng4 0-1

[Event "Sigeman & Co 22nd"]
[Site "Malmo"]
[Date "2014.05.16"]
[Round "2"]
[White "Grandelius, Nils"]
[Black "Timman, Jan H"]
[Result "0-1"]
[WhiteElo "2587"]
[BlackElo "2615"]
[Annotator "Havasi,G"]
[PlyCount "88"]
[EventDate "2014.05.15"]
[EventType "tourn"]
[EventRounds "5"]
[EventCountry "SWE"]
[EventCategory "14"]
[SourceTitle "CBM 161"]
[Source "ChessBase"]
[SourceDate "2014.07.16"]
[SourceVersion "1"]
[SourceVersionDate "2014.07.16"]
[SourceQuality "1"]

1. e4 c6 2. d4 d5 3. e5 Bf5 4. h4 {This aggressive line isn't very popular
nowadays as tournament practice has shown ways for Black to generate
sufficient counterplay.} (4. Nf3 {is the most popular move. White plays
positional chess in this line.}) 4... h6 (4... h5 {is more popular; choosing
between ...h5 and ...h6 is a matter of taste.}) 5. g4 {This is a logical
continuation for White.} Bd7 (5... Bh7 {is the other possibility, the bishop
remains on its active diagonal, but this allows e5-e6. Let's look at a good
example:} 6. e6 fxe6 7. Bd3 Bxd3 8. Qxd3 Qd6 9. f4 $1 Nd7 10. Nf3 O-O-O 11. Ne5
$1 Nxe5 12. fxe5 $16 {Shyam-Kulkarni, Mumbai 2014}) (5... Be4 {is another line.
}) 6. Nc3 (6. h5 {and}) (6. Nd2 {are the main lines.}) 6... e6 7. Be3 Qb6 (7...
Qc7 {was preferred by Riazantsev. Black slowly prepares ...c5.} 8. f4 a6 9. h5
c5 10. Nf3 cxd4 11. Nxd4 Bb4 12. Qd2 Ne7 {and here White could have played} 13.
O-O-O {with the slightly better position.} (13. Bd3 Nbc6 $13 {
Stukopin-Riazantsev, Vladivostok 2014})) 8. Nge2 c5 9. Qd2 Nc6 10. O-O-O {
White deviates from his earlier game where he played f4.} (10. f4 cxd4 11. Nxd4
Bc5 12. O-O-O Nxd4 13. Bxd4 Bxd4 14. Qxd4 Qxd4 15. Rxd4 Ne7 $13 {
Grandelius-Hillarp Persson, Stockholm 2014}) 10... Qa5 (10... c4 $1 {is the
typical move in this kind of positions.} 11. Kb1 Qa5 $40 {and ...b5 will be
very strong.}) 11. dxc5 $5 {An interesting decision. White gives up the
e5-pawn, but avoids ...c4 and hopes for some compensation.} Nxe5 12. Nd4 Nxg4 (
12... Bxc5 {is also good} 13. Nb3 Bxe3 14. Qxe3 Qc7 15. Re1 Nxg4 16. Nxd5 O-O-O
$1 17. Nxc7 Nxe3 18. Nxe6 Bxe6 $11) 13. Nb3 Qd8 14. Bf4 (14. Bd4 {is also good.
}) 14... Ne7 15. Qe2 (15. Nb5 $1 Bxb5 16. Bxb5+ Nc6 17. Rhg1 Nf6 18. Qe3 $14 {
All of White's pieces are playing.}) 15... Nf6 16. Nb5 Bxb5 17. Qxb5+ Qd7 18.
Na5 Ng6 $1 {Timman's move is the best.} (18... Ne4 $5 19. Qxb7 Qxb7 20. Nxb7
Ng6 (20... a6 21. f3 $1 Nf2 22. Nd6+ Kd7 23. Nxf7 Ng6 24. Be3 $1 Nxh1 25. Bd3
$1 Nxh4 26. Rxh1 Ng2 27. Bd4 Rg8 28. Bh7 Be7 29. Rg1 Nf4 30. Kd2 {with some
pressure on Black.}) 21. Bb5+ Ke7 22. Be3 $14) 19. Bh2 {After this move Black
gets chances to seize the initiative.} (19. Be3 $5 {would have been slightly
better because it defends (overprotects) the c5-pawn.} Qxb5 20. Bxb5+ Kd8 21.
h5 (21. Nxb7+ Kc7 22. Na5 Ng4 $132) 21... Ne5 22. Bf4 Neg4 {with an extremely
unclear position in which White's advtantage isn't so clear.} (22... a6 23. Be2
)) 19... a6 20. Qb6 Qc8 $1 {The idea of ...Qc8 is to avoid c5-c6.} (20... Rc8
21. c6 $1 Rxc6 $1 (21... bxc6 $2 22. Bxa6 $16) 22. Nxc6 Qxc6 23. Qxc6+ bxc6 $13
{with some compensation for the exchange.}) 21. b4 (21. Nxb7 Nd7 $132) 21...
Be7 22. Qxb7 (22. Nxb7 O-O 23. h5 $1 {These moves are computer moves, it's
hard for a human to find them.} (23. Bxa6 {would be a terrible mistake in view
of} Bd8 $1 24. Qb5 Ne4 $1 $19) 23... Nxh5 24. Bc7 $1 (24. Bxa6 $2 Nf6 $19)
24... Bg5+ 25. Kb2 Nhf4 {with a very difficult position.}) 22... Qxb7 23. Nxb7
Ne4 $1 24. h5 (24. Bg3 O-O 25. Na5 f5 $1 {is also very unpleasant.}) 24... Bg5+
25. Kb2 Nxf2 26. Bxa6 $6 (26. Rb1 $1 Nxh1 27. hxg6 {is better for Black, but
White retains counterchances.}) 26... Nxd1+ (26... Rxa6 $5 27. hxg6 Nxh1 28.
Rxh1 O-O 29. b5 Ra4 30. Rf1 $1 Bf6+ 31. Kb3 Rfa8 {The position is extremely
difficult, but Black's chances are somewhat better.}) 27. Rxd1 Bf6+ {After
this move, White will have the better chances.} (27... Rxa6 28. hxg6 {isn't
worse for White, because his pawns are very strong.}) 28. Kb3 Be5 29. Nd6+ $2 (
29. Bb5+ $1 Kf8 30. Bg1 Nf4 31. c6 $14 {and White has more than enough
compensation.}) 29... Ke7 30. hxg6 Bxh2 31. Nxf7 $4 {The knight will be too
far away from the queenside.} (31. Bb7 $1 fxg6 $1 32. Bxa8 Rxa8 $15 {The
bishop is stronger than the knight in this position.}) 31... Rhb8 $1 32. Be2
Ra5 $1 33. c6 Rc5 $1 34. c4 Rxc6 $17 {After Black has managed to take the most
important pawn, he is better.} 35. cxd5 exd5 36. Bh5 Rbc8 (36... Rc4 $19 {
is also winning.}) 37. Rd3 Rc4 38. Rh3 Bf4 39. a3 d4 40. Ka4 Rc3 41. Rh4 Ra8+
42. Kb5 Rb8+ 43. Ka4 Bc1 44. b5 Ra8+ {In this amazing game, the players had to
find computer moves. In my opinion both players would have deserved to win,
but unfortunately this isn't possible.} 0-1

[Event "BL2-West 1516"]
[Site "Germany"]
[Date "2016.02.21"]
[Round "7.2"]
[White "Trella, Thomas"]
[Black "Timman, Jan H"]
[Result "0-1"]
[WhiteElo "2392"]
[BlackElo "2569"]
[PlyCount "86"]
[EventDate "2015.09.20"]
[EventType "team-tourn"]
[EventRounds "9"]
[EventCountry "GER"]
[SourceTitle "EXT 2017"]
[Source "ChessBase"]
[SourceDate "2016.10.25"]
[SourceVersion "1"]
[SourceVersionDate "2016.10.25"]
[SourceQuality "1"]
[WhiteTeam "Dinslaken"]
[BlackTeam "Koeln Porz"]
[WhiteTeamCountry "GER"]
[BlackTeamCountry "GER"]

1. Nf3 Nf6 2. c4 c5 3. g3 Nc6 4. Bg2 d5 5. cxd5 Nxd5 6. d4 Nb6 7. dxc5 Qxd1+ 8.
Kxd1 Na4 9. Nc3 Nxc5 10. Be3 e5 11. Nb5 Na6 12. Nd2 Be7 13. Rc1 O-O 14. Kc2
Bf5+ 15. Be4 Bxe4+ 16. Nxe4 f5 17. Nec3 f4 18. gxf4 exf4 19. Bd2 Nab4+ 20. Kb1
a6 21. Nc7 Rad8 22. Rcd1 Nd4 23. a3 Nbc6 24. N7d5 Bd6 25. f3 Rf5 26. Bc1 b5 27.
b4 Kf7 28. Rd3 Bb8 29. Rhd1 Rfxd5 30. Nxd5 Rxd5 31. e3 fxe3 32. Bxe3 Be5 33.
Bg1 Ke6 34. h3 Rd6 35. Re1 Kf5 36. Rc1 Ke6 37. Re1 Nf5 38. Rxd6+ Kxd6 39. Rd1+
Ncd4 40. Rd3 Kd5 41. Kb2 Nh4 42. Bxd4 Bxd4+ 43. Kb3 g5 0-1

[Event "Hoogeveen m1"]
[Site "Hoogeveen"]
[Date "2015.10.20"]
[Round "3"]
[White "Van Foreest, Jorden"]
[Black "Timman, Jan H"]
[Result "0-1"]
[WhiteElo "2548"]
[BlackElo "2562"]
[Annotator "CB"]
[PlyCount "78"]
[EventDate "2015.10.18"]
[EventType "match"]
[EventRounds "6"]
[EventCountry "NED"]
[SourceTitle "CBM 168 Extra"]
[Source "ChessBase"]
[SourceDate "2015.10.29"]
[SourceVersion "1"]
[SourceVersionDate "2015.10.29"]
[SourceQuality "1"]

1. e4 c6 2. d4 d5 3. e5 Bf5 4. Nf3 e6 5. Be2 Nd7 6. O-O Ne7 7. Nbd2 h6 8. c3
Qc7 9. Re1 c5 10. Nf1 Nc6 11. Ng3 Bg6 12. Be3 Be7 13. a3 c4 {Black managed to
get a very good French structure in which his white-squared bishop is not
hemmed in by his own pawns.} 14. Nd2 O-O-O 15. f4 f5 16. Rb1 Nb6 17. Ngf1 Kb8
18. Bf2 $6 {White does not seem to have a constructive plan and allows Black
to gradually seize the initiative.} ({Perhaps White should have tried to open
the queenside with} 18. b3 cxb3 19. Nxb3 {White's pawns are weak and his
structure is damaged but he can hope for counterplay, e.g.} Bxa3 20. Nc5 Bxc5
21. dxc5 Nc4 22. Bxc4 dxc4 23. Nd2 {with a double-edged position.}) 18... Be8
$1 {Preparing the advance of his kingside pawns and helping to prevent
counterplay on the queenside.} 19. Ne3 g5 20. g3 Na5 21. Bf3 Ba4 22. Qe2 Rdg8
23. fxg5 hxg5 24. g4 f4 25. Nef1 Be8 26. Qd1 {White is remarkably helpless and
can basically only hope that Black fails to convert his advantage properly.}
Bg6 27. Ra1 Bd8 28. Qc1 Rh6 {With the idea to attack h2 with the major pieces
and to mate the white king.} 29. Kh1 Rgh8 30. Bg1 Qh7 31. Re2 Rh3 32. Bg2 Rh4
33. Bf3 Rh3 34. Bg2 Bd3 {Infiltrating the white position to exchange the
pieces that defend h2.} 35. Rf2 Nb3 36. Nxb3 cxb3 37. Qd1 Nc4 38. Qxb3 Ne3 39.
Qb4 Nxf1 {A convincing strategic win by Timman.} 0-1